<?xml version="1.0" encoding="UTF-8"?>
<record
    xmlns:xsi="http://www.w3.org/2001/XMLSchema-instance"
    xsi:schemaLocation="http://www.loc.gov/MARC21/slim http://www.loc.gov/standards/marcxml/schema/MARC21slim.xsd"
    xmlns="http://www.loc.gov/MARC21/slim">

  <leader>00462nam a22001697a 4500</leader>
  <controlfield tag="003">SGT</controlfield>
  <datafield tag="020" ind1=" " ind2=" ">
    <subfield code="a">9788183552981</subfield>
  </datafield>
  <datafield tag="082" ind1=" " ind2=" ">
    <subfield code="a">530,LON</subfield>
  </datafield>
  <datafield tag="100" ind1=" " ind2=" ">
    <subfield code="a">LONEY,S.L</subfield>
  </datafield>
  <datafield tag="245" ind1=" " ind2=" ">
    <subfield code="a">AN ELEMENTARY TREATISE ON THE DYNAMICS OF A PARTICLE AND OF RIGID BODIES</subfield>
  </datafield>
  <datafield tag="250" ind1=" " ind2=" ">
    <subfield code="a">1ST</subfield>
  </datafield>
  <datafield tag="260" ind1=" " ind2=" ">
    <subfield code="a">NOIDA</subfield>
    <subfield code="b">G.K PUBLISHERS</subfield>
    <subfield code="c">2015</subfield>
  </datafield>
  <datafield tag="300" ind1=" " ind2=" ">
    <subfield code="a">383</subfield>
  </datafield>
  <datafield tag="650" ind1=" " ind2=" ">
    <subfield code="a">PHYSICS</subfield>
  </datafield>
  <datafield tag="653" ind1=" " ind2=" ">
    <subfield code="a">MOTION IN A STRAIGHT LINE, UNIPLANAR MONTION REFERRED TO POLAR COORDINATES</subfield>
  </datafield>
  <datafield tag="942" ind1=" " ind2=" ">
    <subfield code="2">ddc</subfield>
    <subfield code="c">FPS</subfield>
  </datafield>
  <datafield tag="952" ind1=" " ind2=" ">
    <subfield code="0">0</subfield>
    <subfield code="1">0</subfield>
    <subfield code="2">ddc</subfield>
    <subfield code="4">0</subfield>
    <subfield code="7">0</subfield>
    <subfield code="8">FS</subfield>
    <subfield code="a">SSSL</subfield>
    <subfield code="b">SSSL</subfield>
    <subfield code="c">DISPLAY</subfield>
    <subfield code="d">2016-06-30</subfield>
    <subfield code="e">AHUJA BOOKS</subfield>
    <subfield code="g">95.00</subfield>
    <subfield code="i">SGTU</subfield>
    <subfield code="l">0</subfield>
    <subfield code="o">530,LON</subfield>
    <subfield code="p">PS1840</subfield>
    <subfield code="r">2016-06-30 00:00:00</subfield>
    <subfield code="w">2016-04-24</subfield>
    <subfield code="y">FPS</subfield>
    <subfield code="k">6884</subfield>
  </datafield>
  <datafield tag="952" ind1=" " ind2=" ">
    <subfield code="0">0</subfield>
    <subfield code="1">0</subfield>
    <subfield code="2">ddc</subfield>
    <subfield code="4">0</subfield>
    <subfield code="7">1</subfield>
    <subfield code="8">FS</subfield>
    <subfield code="a">SSSL</subfield>
    <subfield code="b">SSSL</subfield>
    <subfield code="c">REF</subfield>
    <subfield code="d">2016-06-30</subfield>
    <subfield code="e">AHUJA BOOKS</subfield>
    <subfield code="g">95.00</subfield>
    <subfield code="i">SGTU</subfield>
    <subfield code="o">530,LON</subfield>
    <subfield code="p">PS1841</subfield>
    <subfield code="r">2016-06-30 00:00:00</subfield>
    <subfield code="w">2016-04-24</subfield>
    <subfield code="y">FPS</subfield>
    <subfield code="k">6884</subfield>
  </datafield>
  <datafield tag="952" ind1=" " ind2=" ">
    <subfield code="0">0</subfield>
    <subfield code="1">0</subfield>
    <subfield code="2">ddc</subfield>
    <subfield code="4">0</subfield>
    <subfield code="7">1</subfield>
    <subfield code="8">FS</subfield>
    <subfield code="a">SSSL</subfield>
    <subfield code="b">SSSL</subfield>
    <subfield code="c">REF</subfield>
    <subfield code="d">2016-07-14</subfield>
    <subfield code="e">KIRTI PRAKASHAN</subfield>
    <subfield code="g">150.00</subfield>
    <subfield code="i">SGTU</subfield>
    <subfield code="o">530,LON</subfield>
    <subfield code="p">PS1189</subfield>
    <subfield code="r">2016-07-14 00:00:00</subfield>
    <subfield code="w">2015-10-19</subfield>
    <subfield code="y">FPS</subfield>
    <subfield code="k">3151</subfield>
  </datafield>
  <datafield tag="999" ind1=" " ind2=" ">
    <subfield code="c">9342</subfield>
    <subfield code="d">9342</subfield>
  </datafield>
</record>
